The southern African environment : (Record no. 143824)

MARC details
000 -LEADER
fixed length control field 01090nam a2200313 a 4500
008 - FIXED-LENGTH DATA ELEMENTS--GENERAL INFORMATION
fixed length control field
020 ## - INTERNATIONAL STANDARD BOOK NUMBER
International Standard Book Number 1853831719
049 ## - LOCAL HOLDINGS (OCLC)
Holding library MAIN
090 ## - LOCALLY ASSIGNED LC-TYPE CALL NUMBER (OCLC); LOCAL CALL NUMBER (RLIN)
Classification number (OCLC) (R) ; Classification number, CALL (RLIN) (NR) GE140
003 - CONTROL NUMBER IDENTIFIER
control field
005 - DATE AND TIME OF LATEST TRANSACTION
control field 20230123133149.0
040 ## - CATALOGING SOURCE
Transcribing agency NUST
100 1# - MAIN ENTRY--PERSONAL NAME
Personal name Moyo, Sam.
245 14 - TITLE STATEMENT
Title The southern African environment :
Remainder of title profiles of the SADC countries /
Statement of responsibility, etc. Sam Moyo, Phil O'Keefe, and Michael Sill.
260 ## - PUBLICATION, DISTRIBUTION, ETC.
Place of publication, distribution, etc. London :
Name of publisher, distributor, etc. Earthscan Publications,
Date of publication, distribution, etc. 1993.
300 ## - PHYSICAL DESCRIPTION
Extent x, 354 p. :
Other physical details ill., maps ;
Dimensions 24 cm.
504 ## - BIBLIOGRAPHY, ETC. NOTE
Bibliography, etc. note Includes bibliographical references.
500 ## - GENERAL NOTE
General note Includes index.
651 #0 - SUBJECT ADDED ENTRY--GEOGRAPHIC NAME
Geographic name Africa, Southern
General subdivision Economic conditions
Chronological subdivision 1975-
650 #0 - SUBJECT ADDED ENTRY--TOPICAL TERM
Topical term or geographic name entry element Economic development
General subdivision Environmental aspects.
651 #0 - SUBJECT ADDED ENTRY--GEOGRAPHIC NAME
Geographic name Africa, Southern
Form subdivision Handbooks, manuals, etc.
610 20 - SUBJECT ADDED ENTRY--CORPORATE NAME
Corporate name or jurisdiction name as entry element Southern African Development Community
Form subdivision Handbooks, manuals, etc.
653 0# - INDEX TERM--UNCONTROLLED
Uncontrolled term Developing countries
-- Economic conditions
653 0# - INDEX TERM--UNCONTROLLED
Uncontrolled term Southern Africa
700 1# - ADDED ENTRY--PERSONAL NAME
Personal name O'Keefe, Philip.
700 1# - ADDED ENTRY--PERSONAL NAME
Personal name Sill, Michael.
907 ## - LOCAL DATA ELEMENT G, LDG (RLIN)
a .b10030372
b 18-06-03
c 17-04-03
942 ## - ADDED ENTRY ELEMENTS (KOHA)
Koha item type Ordinary Loan Books
Call number prefix GE140
Holdings
Date last seen Total Checkouts Full call number Barcode Cost, replacement price Price effective from Koha item type Lost status Source of classification or shelving scheme Damaged status Not for loan Collection Withdrawn status Home library Current library Shelving location Date acquired Cost, normal purchase price
01/23/2023 48 GE140 MOY 92003001292 80.00 01/23/2023 BOOKS   LCC     NFIC   MAIN MAIN GEN 01/23/2023 80.00